General view of the agriculture of the county of Somerset (Record no. 113560)

MARC details
000 -LEADER
fixed length control field 01047cam a22002055a 4500
001 - CONTROL NUMBER
control field L155421
008 - FIXED-LENGTH DATA ELEMENTS--GENERAL INFORMATION
fixed length control field 120321s1798 xxk f 000 0 eng d
035 ## - SYSTEM CONTROL NUMBER
System control number (Sirsi) u155421
041 0# - LANGUAGE CODE
Language code of text/sound track or separate title eng
100 1# - MAIN ENTRY--PERSONAL NAME
Personal name Billingsley, John
Titles and words associated with a name Esq
245 00 - TITLE STATEMENT
Title General view of the agriculture of the county of Somerset
Remainder of title with observations on the means of its improvement. Drawn up in the year 1795, for the consideration of the Board of Agriculture and Internal Improvement. By John Billingsley, Esq; Of Ashwick-Grove, near Shepton-Mallet. And now re-printed with considerable additions and amendments, Accompanied with the remarks of some respectable gentlemen and farmers in the county. ...
250 ## - EDITION STATEMENT
Edition statement Second edition
260 ## - PUBLICATION, DISTRIBUTION, ETC.
Place of publication, distribution, etc. Bath
Name of publisher, distributor, etc. printed by R. Cruttwell, for the author; and sold by C. Dilly, Poultry, London
Date of publication, distribution, etc. MDCCXCVIII. [1798]
300 ## - PHYSICAL DESCRIPTION
Extent 16, 320 p., plates
Other physical details maps
Dimensions 8o
520 ## - SUMMARY, ETC.
Summary, etc. With a half-title.
583 ## - ACTION NOTE
Action Condition reviewed
Time/date of action 20120620
Status condition level 1
651 #4 - SUBJECT ADDED ENTRY--GEOGRAPHIC NAME
Geographic name Great Britain
Chronological subdivision 1707-
690 ## - LOCAL SUBJECT ADDED ENTRY--TOPICAL TERM (OCLC, RLIN)
Topical term or geographic name as entry element Rural
9 (RLIN) 6268
942 ## - ADDED ENTRY ELEMENTS (KOHA)
Suppress in OPAC 0
Holdings
Withdrawn status Lost status Source of classification or shelving scheme Damaged status Not for loan Home library Current library Shelving location Date acquired Total Checkouts Full call number Barcode Date last seen Copy number Price effective from Koha item type
    Dewey Decimal Classification     Historic collection Historic collection Historic collection 21/03/2012   OCTAVO 1798 BILLINGSLEY 30075382 06/08/2019 1 06/08/2019 Book